Introducciòn a los sistemas de cómputo: (Registro nro. 9394)
[ vista simple ]
| 000 -LEADER | |
|---|---|
| fixed length control field | 01246nam a2200217Ia 4500 |
| 005 - FECHA Y HORA DE LA ÚLTIMA TRANSACCIÓN | |
| control field | 20230918145331.0 |
| 008 - FIXED-LENGTH DATA ELEMENTS--GENERAL INFORMATION | |
| fixed length control field | 230912s9999 xx 000 0 und d |
| 020 ## - INTERNATIONAL STANDARD BOOK NUMBER | |
| International Standard Book Number | 970-104-678-1 |
| 040 ## - CATALOGING SOURCE | |
| Original cataloging agency | UPAN |
| Transcribing agency | Biblioteca San Vicente |
| Description conventions | RCAA2 |
| 041 ## - LANGUAGE CODE | |
| Language code of text/sound track or separate title | spa |
| 082 ## - DEWEY DECIMAL CLASSIFICATION NUMBER | |
| Classification number | 004.3 |
| Item number | P338i |
| año de publicación | 2005 |
| 100 ## - MAIN ENTRY--PERSONAL NAME | |
| Personal name | Patt, Yale N. |
| Relator code | aut. |
| 245 #0 - TITLE STATEMENT | |
| Title | Introducciòn a los sistemas de cómputo: |
| Remainder of title | de los bits y compuertas al c y más allá / |
| Statement of responsibility, etc | Yale N. Patt, Sanjay J Patt |
| 250 ## - EDITION STATEMENT | |
| Edition statement | 2° ed. |
| 260 ## - PUBLICATION, DISTRIBUTION, ETC. (IMPRINT) | |
| Place of publication, distribution, etc | México: |
| Name of publisher, distributor, etc | McGraw Hill, |
| Date of publication, distribution, etc | 2005 |
| 300 ## - PHYSICAL DESCRIPTION | |
| Extent | 632 p.; |
| Dimensions | 23 cm. |
| 505 ## - FORMATTED CONTENTS NOTE | |
| Formatted contents note | Bienvenido a bordo- Bits, tipos de datos y operaciones- estructuras lógicas digitales- el modelo de Von Neumann- La LC-3- Programación- Lenguaje ensamblador - Rutinas y subrutinas TRAP- Y, finalmente…la pila- Introducción a la programación en C- Variables y operadores - Estructuras de Control- Funciones- Prueba y depuración- Apuntadores y arreglados- Recursión- E/S en C- Estructuras de datos- La ISA de la LC-3- De LC-3 a x86- La microarquitectura de la LC-3- El lenguaje de programación C- Tablas útiles- Soluciones a ejercicios específicos |
| 650 ## - SUBJECT ADDED ENTRY--TOPICAL TERM | |
| Source of heading or term | LEMB |
| General subdivision | Programación (computadores electrónicos) |
| 700 ## - ADDED ENTRY--PERSONAL NAME | |
| Personal name | Sanjay J. Patel |
| Relator code | aut. |
| 942 ## - ADDED ENTRY ELEMENTS (KOHA) | |
| Koha item type | Libros |
| Source of classification or shelving scheme | Dewey Decimal Classification |
| Withdrawn status | Lost status | Source of classification or shelving scheme | Damaged status | Not for loan | Collection code | Home library | Current library | Date acquired | Total Checkouts | Full call number | Barcode | Date last seen | Copy number | Price effective from | Koha item type |
|---|---|---|---|---|---|---|---|---|---|---|---|---|---|---|---|
| Dewey Decimal Classification | Colección General | Biblioteca UPAN San Vicente | Biblioteca UPAN San Vicente | 12/09/2023 | 004.3 P338i | 12000043 | 12/09/2023 | 01 | 12/09/2023 | Libros |